000 00375nam a2200133Ia 4500
008 100328s9999 xx 000 0 und d
082 _b17473
100 _aपंडित प्रकाश
245 _aसोज-ओ-साज
260 _bशिक्षा भारती
630 _aसोज-ओ-साज
730 _aसोज-ओ-साज
942 _cBOOK
999 _c512044
_d512041